000
00265nam a22001097a 4500
003
SGT
082
_a
617.3
_b
T16J
100
_a
JAIN,ANIL K
245
_a
TUREKS ORTHOPAEDICS PRINCIPLES AND THEIR APPLICATIONS
260
_a
INDIA
_b
WOLTER KLUWER
_c
2016
942
_2
ddc
_c
BK
999
_c
14302
_d
14302